Central Library OPAC University of Rajshahi

Advanced accounting, comprehensive volume / (Record no. 75377)

MARC details
000 -LEADER
fixed length control field 00897nam a22002771 4500
001 - CONTROL NUMBER
control field 75377
003 - CONTROL NUMBER IDENTIFIER
rucl marc code BD-RjUL
005 - DATE AND TIME OF LATEST TRANSACTION
control field 20211209082659.0
008 - FIXED-LENGTH DATA ELEMENTS--GENERAL INFORMATION
fixed length control field 190330s1968 cch a01 i
035 ## - SYSTEM CONTROL NUMBER
System control number (BD-RjUL75595
040 ## - CATALOGING SOURCE
Original cataloging agency DLC
Transcribing agency DLC
Modifying agency DLC
-- BD-RjUL
Language of cataloging eng
041 ## - LANGUAGE CODE
Language code of text/sound track or separate title eng
082 00 - DEWEY DECIMAL CLASSIFICATION NUMBER
Classification number 657
Author mark and year SIA 1967
100 1# - MAIN ENTRY--PERSONAL NAME
Personal name Simaon, Harry
9 (RLIN) 48805
245 10 - TITLE STATEMENT
Title Advanced accounting, comprehensive volume /
Statement of responsibility, etc. by Wilbert E. Karrenbrock and Harry Simons.
250 ## - EDITION STATEMENT
Edition statement 4rth ed.
260 ## - PUBLICATION, DISTRIBUTION, ETC. (IMPRINT)
Place of publication, distribution, etc. Cincinnati :
Name of publisher, distributor, etc. South-western Pub. Co,
Date of publication, distribution, etc. 1968.
300 ## - PHYSICAL DESCRIPTION
Pagination 1040 pages :
Illustrations ill. ;
Size 24 cm.
500 ## - GENERAL NOTE
General note Author's names in reverse order in earlier editions.
General note Companion volume to the authors' Intermediate accounting, comprehensive volume.
650 #0 - SUBJECT ADDED ENTRY--TOPICAL TERM
Topical term or geographic name as entry element Accounting.
9 (RLIN) 108562
700 1# - ADDED ENTRY--PERSONAL NAME
Personal name Karrenbrock, Wilbert E.
Dates associated with a name 1912-
942 ## - ADDED ENTRY ELEMENTS (KOHA)
Source of classification or shelving scheme Dewey Decimal Classification
Koha item type Books
Holdings
Lost status Source of classification or shelving scheme Damaged status Not for loan Collection code Permanent Location Current Location Shelving location Date acquired Total Checkouts Full call number Date last seen Copy number Koha item type
  Dewey Decimal Classification   Not For Loan Non-fiction Central Library, University of Rajshahi Central Library, University of Rajshahi Reading Room 30/03/2019   657 SIA 1968 30/03/2019 C-1 Books